000 00653nam a2200193 a 4500
001 000020189
005 20200929170315.0
008 100727s19uu 000 0 spa d
040 _aDO-SdBNP
_bspa
_cBNPHU
082 _axxx
_bA174p
100 1 _aAcevedo Ibáñez, Alejandro
_942784
245 1 3 _aEl proceso de la entrevista :
_bconceptos y modelos /
_cAlejandro Acevedo Ibáñez, Alba Florencia A. López M.
260 _a[s.n] :
_bLimusa,
_c[190?].
300 _a200 p. ;
_c22 cm.
500 _aIncluye notas al pie de las páginas
504 _aIncluye referencias bibliográficas
700 1 _aLópez M., Alba Florencia A.
_942785
049 _aBNPD
999 _c19696
_d19696